=LDR 00000nam 2200000 4500 =001 INLIS000000000054478 =005 20200205084540 =035 ##$$a 0010-0220000040 =007 ta =008 200205###########################0###### =020 ##$$a 978-979-1025-30-0 =082 ##$$a 959.865 =084 ##$$a 959.865 Man n =245 1#$$a Nasib telah berubah dengan gora : $b H. Gatot Soeherman Gubernur Nusa Tenggara Barat 1978-1988 /$c Manggaukang Raba =300 ##$$a 174 halaman ; $c 21 cm =500 ##$$a Biografi halaman 173-174 =504 ##$$a Bibliografi halaman 170-172 =600 #4$$a Nusa Tenggara Barat-Sejarah-Pmbangunan =740 ##$$a Nasib telah berubah dengan gora =264 ##$$a Gunung Sari :$b Arga Puji Press,$c 2012 =336 ##$$a Buku teks$2 rdacontent =337 ##$$a lain-lain$2 rdamedia =338 ##$$a lain-lain$2 rdacarrier =990 ##$$a 02900290 =990 ##$$a 296/47/2018